UM Logo

A need analaysis of english for specific purposes of bachelor of science in criminology program in UMDC: (Record no. 13920)

MARC details
000 -LEADER
fixed length control field 00604nam a22001457a 4500
008 - FIXED-LENGTH DATA ELEMENTS--GENERAL INFORMATION
fixed length control field 190517b ||||| |||| 00| 0 eng d
082 ## - DEWEY DECIMAL CLASSIFICATION NUMBER
Edition number 2019
Classification number UT 1319
Item number A39
100 ## - MAIN ENTRY--PERSONAL NAME
Personal name Algabre, Jaycell.
9 (RLIN) 38761
245 ## - TITLE STATEMENT
Title A need analaysis of english for specific purposes of bachelor of science in criminology program in UMDC:
Remainder of title basis for intervention plan /
Statement of responsibility, etc. Jaycell Algabre, Jade Mar P. Balabad, and Nards Ian G. Bualan.
260 ## - PUBLICATION, DISTRIBUTION, ETC. (IMPRINT)
Place of publication, distribution, etc. Digos City:
Name of publisher, distributor, etc. UMDC,
Date of publication, distribution, etc. March 2019.
300 ## - PHYSICAL DESCRIPTION
Extent 67 pages;
Dimensions 30 cm.
650 ## - SUBJECT ADDED ENTRY--TOPICAL TERM
Topical term or geographic name as entry element English
General subdivision Undergraduate thesis.
9 (RLIN) 38742
700 ## - ADDED ENTRY--PERSONAL NAME
Personal name Baladad, Jade Mar P.
9 (RLIN) 38762
942 ## - ADDED ENTRY ELEMENTS (KOHA)
Source of classification or shelving scheme Dewey Decimal Classification
Koha item type Undergraduate Thesis
Holdings
Withdrawn status Lost status Source of classification or shelving scheme Damaged status Not for loan Home library Current library Date acquired Total Checkouts Full call number Barcode Date last seen Copy number Price effective from Koha item type
    Dewey Decimal Classification     UM Digos College - LIC UM Digos College - LIC 04/23/2019   UT 1319 A39 2019 UT1319 05/17/2019 1 05/17/2019 Undergraduate Thesis